000 01465cam a22004214i 4500
003 PE-LiUPU
005 20250731173210.0
008 150625s1982 sp r 000 0 spa d
035 _a(Sirsi) a31999
040 _aPE-LiUPU
_bspa
_cPE-LiUPU
_erda
082 0 4 _a220.66412
_bE24
_221
100 1 _aMateos, J.,
_eautor.
245 1 0 _aAnálisis Semiótico de los Textos /
_cJ. Mateos.
264 1 _aMadrid :
_bEdiciones Cristiandad,
_c1982.
300 _a239 páginas ;
_c21 centímetros
336 _atext
_2rdacontent
337 _aunmediated
_2rdamedia
338 _avolume
_2rdacarrier
505 0 _aLas estructuras de superficie -- Las estructuras profundas -- Ejercicio Practico: Analisis de un texto.
526 _aSEG42
526 _aSEG41
526 _aSEG40
526 _aSEG39
526 _aP94
526 _aP87
526 _aP86
526 _aP85
526 _aP77
526 _aP76
526 _aP35
650 1 4 _aAnálisis del discurso.
_94792
650 2 4 _aSemiótica y literatura.
942 _2ddc
_cBOOK
949 _a220.66412 E24
_wDEWEY
_c1
_i36577
_lCCODEBUL1
_mBUL
_p30.00
_r0
_sY
_tBOOK
_u2015-06-25
_xBIBLIOTECA
_zUNKNOWN
_0COMPRA
_o.STAFF. Colección Teología
596 _a1
999 _a220.66412 E24
_wDEWEY
_c39608
_i36577
_f2021-11-9
_g5
_lCCODEBUL1
_mBUL
_p30.00
_r0
_sY
_tBOOK
_u2015-6-25
_xTEOLOGIA
_PP35
_0COMPRA
_o.STAFF. Colección Teología
_d39608
980 _81
_gALBERTO SANCHEZ Responsable de Automatización